[Event "14. Zlatá Praha-C"]
[Site "Praha"]
[Date "2018.06.30"]
[Round "1.1"]
[White "Plischki, Sebastian"]
[Black "Becvar, Pavel"]
[Result "1-0"]
[WhiteElo "2486"]
[BlackElo "1684"]
[PlyCount "53"]
[EventDate "2018.??.??"]
[EventType "swiss (rapid)"]
[EventCountry "CZE"]

1. e4 e5 2. Nf3 Nc6 3. Bc4 Bc5 4. O-O Nf6 5. d3 h6 6. c3 d6 7. Nbd2 Bg4 8. Re1
Qd7 9. b4 Bb6 10. Bb3 Nh5 11. Nf1 g5 12. Ne3 Bxf3 13. Qxf3 Nf4 14. Rd1 h5 15.
Nd5 Rh6 16. Bxf4 gxf4 17. a4 a6 18. d4 h4 19. dxe5 Nxe5 20. Qxf4 O-O-O 21. Qxh6
Qg4 22. Nxb6+ cxb6 23. h3 Qe2 24. Qe3 Qh5 25. f4 Nd7 26. Rxd6 Rg8 27. Rad1 1-0

[Event "14. Zlatá Praha-C"]
[Site "Praha"]
[Date "2018.06.30"]
[Round "1.2"]
[White "Krejci, Josef"]
[Black "Sergeev, Vladimir"]
[Result "0-1"]
[WhiteElo "1663"]
[BlackElo "2470"]
[PlyCount "36"]
[EventDate "2018.??.??"]
[EventType "swiss (rapid)"]
[EventCountry "CZE"]

1. e4 c6 2. Nf3 d5 3. Nc3 Bg4 4. exd5 cxd5 5. Be2 Nc6 6. d4 e6 7. O-O Bd6 8. h3
Bf5 9. Nb5 Bb8 10. c3 Nge7 11. Bg5 a6 12. Na3 Be4 13. Nc2 f6 14. Be3 Nf5 15.
Bd3 Qd6 16. g3 Nxg3 17. fxg3 Qxg3+ 18. Kh1 Qh2# 0-1

[Event "14. Zlatá Praha-C"]
[Site "Praha"]
[Date "2018.06.30"]
[Round "1.3"]
[White "Frolov, Artur"]
[Black "Sakovski, Roman"]
[Result "1-0"]
[WhiteElo "2327"]
[BlackElo "1652"]
[PlyCount "87"]
[EventDate "2018.??.??"]
[EventType "swiss (rapid)"]
[EventCountry "CZE"]

1. e4 d6 2. d4 e5 3. dxe5 Nc6 4. Nf3 Bg4 5. exd6 Bxd6 6. Be2 Qe7 7. Nc3 O-O-O
8. Nd2 Be6 9. O-O Nf6 10. f3 h5 11. Qe1 h4 12. Nb3 h3 13. g3 Bxb3 14. axb3 Bc5+
15. Kh1 Nd4 16. Bd1 Kb8 17. Be3 Nxb3 18. cxb3 Rd3 19. Bxc5 Qxc5 20. Qf2 Qxf2
21. Rxf2 Rhd8 22. Kg1 g5 23. Bc2 Rd2 24. Rd1 Rxd1+ 25. Bxd1 c6 26. Kf1 Kc7 27.
Ke1 a5 28. Rd2 Re8 29. Kf2 b5 30. g4 Re5 31. Bc2 Ne8 32. Kg3 Nd6 33. Kxh3 Re6
34. Kg3 Nc8 35. h4 gxh4+ 36. Kxh4 Ne7 37. Kg3 Ng6 38. f4 Rf6 39. e5 b4 40. exf6
bxc3 41. bxc3 Nf8 42. Re2 Ne6 43. Rxe6 fxe6 44. f7 1-0

[Event "14. Zlatá Praha-C"]
[Site "Praha"]
[Date "2018.06.30"]
[Round "1.4"]
[White "Simeonov, Tihomir"]
[Black "Netusil, Miloslav"]
[Result "0-1"]
[WhiteElo "1638"]
[BlackElo "2262"]
[PlyCount "91"]
[EventDate "2018.??.??"]
[EventType "swiss (rapid)"]
[EventCountry "CZE"]

1. c4 e5 2. Nc3 Bb4 3. a3 Bxc3 4. dxc3 Qe7 5. e4 h6 6. Nf3 Nf6 7. Bd3 a5 8. Bc2
O-O 9. O-O d6 10. h3 Nbd7 11. b4 Nh5 12. g3 Ndf6 13. Re1 Bxh3 14. Kh2 Bg4 15.
Qd3 Nh7 16. Nh4 Qf6 17. f3 Be6 18. Rf1 Qe7 19. Ng2 f6 20. Be3 Qf7 21. Bb3 b5
22. Qd2 Bxc4 23. Bxc4 Qxc4 24. g4 Nf4 25. Nxf4 exf4 26. Bxf4 a4 27. Qd5+ Qxd5
28. exd5 Rfe8 29. Rae1 Kf7 30. Re3 Rxe3 31. Bxe3 Re8 32. Re1 Re5 33. Bf2 Rxd5
34. Ba7 Ng5 35. Kg3 Rd3 36. Rf1 Ne4+ 37. Kf4 Nxc3 38. Bb8 Rd4+ 39. Kg3 Rc4 40.
Kf2 Nd5 41. Rd1 Ke6 42. Re1+ Kd7 43. Ba7 g5 44. Re2 Nf4 45. Rd2 Rc3 46. Ra2 0-1

[Event "14. Zlatá Praha-C"]
[Site "Praha"]
[Date "2018.06.30"]
[Round "1.5"]
[White "Pribyl, Josef"]
[Black "Veselsky, Jan"]
[Result "1-0"]
[WhiteElo "2207"]
[BlackElo "1636"]
[PlyCount "37"]
[EventDate "2018.??.??"]
[EventType "swiss (rapid)"]
[EventCountry "CZE"]

1. e4 c6 2. d4 d5 3. exd5 cxd5 4. c4 Nf6 5. Nc3 Nc6 6. Nf3 Bg4 7. cxd5 Nxd5 8.
Qb3 Bxf3 9. gxf3 e6 10. Qxb7 Nxd4 11. Bb5+ Nxb5 12. Qc6+ Ke7 13. Qxb5 Qd7 14.
Nxd5+ exd5 15. Qxd7+ Kxd7 16. Be3 Bd6 17. O-O-O Rac8+ 18. Kb1 Bc5 19. Rxd5+ 1-0

[Event "14. Zlatá Praha-C"]
[Site "Praha"]
[Date "2018.06.30"]
[Round "1.6"]
[White "Harasta, Frantisek"]
[Black "Gregor, Jiri"]
[Result "0-1"]
[WhiteElo "1611"]
[BlackElo "2200"]
[PlyCount "40"]
[EventDate "2018.??.??"]
[EventType "swiss (rapid)"]
[EventCountry "CZE"]

1. c4 c5 2. Nc3 b6 3. Nf3 Bb7 4. d3 Nf6 5. Bf4 d6 6. Qd2 e6 7. e4 a6 8. Be2
Nbd7 9. O-O Rc8 10. h3 Be7 11. Nh2 O-O 12. b3 Re8 13. Bf3 Qc7 14. d4 cxd4 15.
Ne2 e5 16. Bg5 Nxe4 17. Bxe4 Bxe4 18. Ng3 Bg6 19. Bxe7 Rxe7 20. h4 Nf6 0-1

[Event "14. Zlatá Praha-C"]
[Site "Praha"]
[Date "2018.06.30"]
[Round "1.7"]
[White "Krivanek, Vladimir"]
[Black "Kolbusovsky, Michal"]
[Result "1-0"]
[WhiteElo "2109"]
[BlackElo "1585"]
[PlyCount "103"]
[EventDate "2018.??.??"]
[EventType "swiss (rapid)"]
[EventCountry "CZE"]

1. c4 d5 2. cxd5 Qxd5 3. Nc3 Qa5 4. Nf3 Nf6 5. d4 e6 6. g3 Nc6 7. Bg2 Nd5 8.
Bd2 Bb4 9. Rc1 Nxc3 10. bxc3 Bd6 11. Qc2 O-O 12. O-O Bd7 13. Ng5 f5 14. c4 Bb4
15. Bxb4 Qxb4 16. e3 Rfe8 17. f4 h6 18. Nf3 Kf7 19. Rb1 Qa5 20. Rxb7 Reb8 21.
Rfb1 Rxb7 22. Rxb7 Rb8 23. Rxb8 Nxb8 24. Ne5+ Ke7 25. c5 Qe1+ 26. Bf1 Qxe3+ 27.
Qf2 Qxf2+ 28. Kxf2 Be8 29. Bg2 a5 30. a3 g5 31. Ke3 Kf6 32. Kd3 a4 33. Kc4 g4
34. c6 Ke7 35. Kb5 Kd6 36. Kxa4 Nxc6 37. Bxc6 Bxc6+ 38. Nxc6 Kxc6 39. Kb4 Kd5
40. Kc3 Kc6 41. Kc4 Kb6 42. Kb4 Kc6 43. a4 Kb6 44. Kc4 Ka5 45. Kc5 Kxa4 46. Kc6
Kb4 47. Kxc7 Kc4 48. Kd6 Kxd4 49. Kxe6 Ke4 50. Kf6 Kf3 51. Kxf5 Kg2 52. Kxg4
1-0

[Event "14. Zlatá Praha-C"]
[Site "Praha"]
[Date "2018.06.30"]
[Round "2.1"]
[White "Janacek, Jaroslav"]
[Black "Plischki, Sebastian"]
[Result "0-1"]
[WhiteElo "2006"]
[BlackElo "2486"]
[PlyCount "80"]
[EventDate "2018.??.??"]
[EventType "swiss (rapid)"]
[EventCountry "CZE"]

1. e4 c5 2. c3 Nf6 3. e5 Nd5 4. Nf3 Nc6 5. Bc4 e6 6. d4 cxd4 7. cxd4 d6 8. a3
Be7 9. O-O O-O 10. Qe2 Qb6 11. Rd1 Na5 12. Bd3 Nb3 13. Qe4 f5 14. exf6 Nxf6 15.
Qe2 Nxa1 16. b4 a5 17. b5 Nb3 18. Be3 a4 19. d5 Qd8 20. dxe6 Bxe6 21. Nc3 Kh8
22. Ng5 Bg8 23. Bc4 d5 24. Nxh7 Bxh7 25. Nxd5 Nxd5 26. Rxd5 Qe8 27. Rh5 Qg6 28.
Bd3 Kg8 29. Rxh7 Qxh7 30. Bxh7+ Kxh7 31. Qh5+ Kg8 32. Qd5+ Rf7 33. Qxb7 Rd8 34.
g3 Bxa3 35. Qe4 Bc5 36. Qxa4 Bxe3 37. fxe3 Nc5 38. Qc4 Nd3 39. b6 Ne5 40. Qc2
Nf3+ 0-1

[Event "14. Zlatá Praha-C"]
[Site "Praha"]
[Date "2018.06.30"]
[Round "2.2"]
[White "Sergeev, Vladimir"]
[Black "Hozda, David"]
[Result "1-0"]
[WhiteElo "2470"]
[BlackElo "1984"]
[PlyCount "45"]
[EventDate "2018.??.??"]
[EventType "swiss (rapid)"]
[EventCountry "CZE"]

1. c4 f5 2. g3 Nf6 3. Bg2 e6 4. Nc3 Bb4 5. Qc2 O-O 6. e3 d6 7. Nge2 Nbd7 8. a3
Bxc3 9. Nxc3 c6 10. d3 Qe7 11. b4 a5 12. b5 d5 13. a4 Rf7 14. Ba3 Qe8 15. O-O
g5 16. bxc6 bxc6 17. cxd5 cxd5 18. Nb5 Rg7 19. Nc7 Qh5 20. Nxa8 Rg6 21. Qxc8+
Kg7 22. Nc7 Ng4 23. Qxd7+ 1-0

[Event "14. Zlatá Praha-C"]
[Site "Praha"]
[Date "2018.06.30"]
[Round "2.3"]
[White "Steiner, Juraj"]
[Black "Frolov, Artur"]
[Result "0-1"]
[WhiteElo "1914"]
[BlackElo "2327"]
[PlyCount "40"]
[EventDate "2018.??.??"]
[EventType "swiss (rapid)"]
[EventCountry "CZE"]

1. d4 Nf6 2. c4 c5 3. d5 e5 4. Nc3 d6 5. e4 g6 6. g3 h5 7. Nf3 Bh6 8. Ng5 h4 9.
Bg2 a6 10. h3 Nh5 11. gxh4 Nf4 12. Bxf4 exf4 13. e5 Bxg5 14. hxg5 Qxg5 15. Qf3
Qxe5+ 16. Kd2 Qd4+ 17. Kc2 Bf5+ 18. Kb3 b5 19. Rhe1+ Kf8 20. Ne4 Qxc4+ 0-1

[Event "14. Zlatá Praha-C"]
[Site "Praha"]
[Date "2018.06.30"]
[Round "2.4"]
[White "Netusil, Miloslav"]
[Black "Burgermeister, Michal"]
[Result "1/2-1/2"]
[WhiteElo "2262"]
[BlackElo "1914"]
[PlyCount "96"]
[EventDate "2018.??.??"]
[EventType "swiss (rapid)"]
[EventCountry "CZE"]

1. d4 Nf6 2. Nf3 d6 3. c4 g6 4. Nc3 Bg7 5. e4 O-O 6. Be2 e5 7. dxe5 dxe5 8.
Qxd8 Rxd8 9. Nd5 Nxd5 10. cxd5 Bg4 11. Nd2 Bxe2 12. Kxe2 c6 13. dxc6 Nxc6 14.
Nf3 Nd4+ 15. Nxd4 Rxd4 16. Kf3 Rd3+ 17. Be3 f5 18. Ke2 Rad8 19. Rhd1 Rxd1 20.
Rxd1 Rxd1 21. Kxd1 a6 22. f3 Kf7 23. Kc2 Bf8 24. Kc3 Ke6 25. a4 Kd6 26. Kc4 Kc6
27. a5 Bd6 28. exf5 gxf5 29. g4 f4 30. Bf2 Be7 31. h4 Bf6 32. g5 Bg7 33. Bc5 e4
34. fxe4 Bxb2 35. Bd4 Bc1 36. Kd3 Kd6 37. Ke2 Ke6 38. Kf3 Bd2 39. Bb6 Bc1 40.
h5 Bd2 41. Bc7 Kf7 42. Bb6 Bc1 43. Kg4 Bd2 44. Kf5 Be3 45. Bc7 f3 46. g6+ hxg6+
47. hxg6+ Kg7 48. Be5+ Kg8 1/2-1/2

[Event "14. Zlatá Praha-C"]
[Site "Praha"]
[Date "2018.06.30"]
[Round "2.5"]
[White "Zvacek, Antonin"]
[Black "Pribyl, Josef"]
[Result "0-1"]
[WhiteElo "1853"]
[BlackElo "2207"]
[PlyCount "49"]
[EventDate "2018.??.??"]
[EventType "swiss (rapid)"]
[EventCountry "CZE"]

1. e4 d6 2. Bc4 c5 3. Nc3 Nc6 4. f4 g6 5. Nf3 Bg7 6. d3 e6 7. O-O Nge7 8. a3
O-O 9. Qe1 a6 10. h3 b5 11. Ba2 Bb7 12. Be3 Rc8 13. Qh4 Nd4 14. Ng5 h6 15. Nf3
Nxc2 16. Bf2 Nxa1 17. Rxa1 Nc6 18. Qg3 Nd4 19. Kh2 b4 20. axb4 Nxf3+ 21. gxf3
cxb4 22. Na4 Rc6 23. Bb3 Qc7 24. Rg1 Rc1 25. Rg2 0-1

[Event "14. Zlatá Praha-C"]
[Site "Praha"]
[Date "2018.06.30"]
[Round "2.6"]
[White "Gregor, Jiri"]
[Black "Saur, Frantisek"]
[Result "1-0"]
[WhiteElo "2200"]
[BlackElo "1772"]
[PlyCount "77"]
[EventDate "2018.??.??"]
[EventType "swiss (rapid)"]
[EventCountry "CZE"]

1. d4 c5 2. d5 e5 3. dxe6 fxe6 4. c4 d5 5. cxd5 exd5 6. g3 Nf6 7. Bg2 Nc6 8.
Nf3 Be7 9. O-O O-O 10. Bg5 Be6 11. Nc3 d4 12. Bxf6 Bxf6 13. Ne4 Be7 14. Rc1 Qb6
15. b3 h6 16. Nfd2 Ne5 17. h3 Rac8 18. f4 Nc6 19. Kh2 a6 20. Qc2 Nb4 21. Qb1
Nd5 22. Nc4 Qc7 23. Bf3 b6 24. Rf2 Rcd8 25. Qb2 g5 26. fxg5 hxg5 27. Qd2 g4 28.
hxg4 Kg7 29. Ng5 Rh8+ 30. Kg2 Bg8 31. Nh3 Ne3+ 32. Nxe3 dxe3 33. Qxe3 Bf6 34.
Qf4 Qc8 35. Ng1 Rd4 36. Qe3 Rd8 37. Rff1 Bd4 38. Qg5+ Kh7 39. Be4+ 1-0

[Event "14. Zlatá Praha-C"]
[Site "Praha"]
[Date "2018.06.30"]
[Round "2.7"]
[White "Parpel, Petr"]
[Black "Krivanek, Vladimir"]
[Result "0-1"]
[WhiteElo "1727"]
[BlackElo "2109"]
[PlyCount "64"]
[EventDate "2018.??.??"]
[EventType "swiss (rapid)"]
[EventCountry "CZE"]

1. d4 c5 2. d5 Qb6 3. e4 g6 4. c4 Bg7 5. Nc3 d6 6. Bd3 Nd7 7. f4 Ngf6 8. Nf3
O-O 9. O-O Ng4 10. h3 Nh6 11. Qc2 f5 12. Ng5 Bd4+ 13. Kh1 Nf6 14. exf5 Nxf5 15.
Ne2 Bd7 16. Rf3 Rae8 17. g4 Nh4 18. Rg3 Bf2 19. Kh2 e6 20. Nc3 Bd4 21. Nxe6
Bxe6 22. dxe6 Rxe6 23. f5 Re1 24. fxg6 Qc6 25. Nd5 hxg6 26. Bxg6 Nxd5 27. Be4
Nb4 28. Bxc6 Nxc2 29. Bd5+ Kg7 30. Bg5 Rf2+ 31. Bg2 Nxg2 32. Rxe1 Ngxe1+ 0-1

[Event "14. Zlatá Praha-C"]
[Site "Praha"]
[Date "2018.06.30"]
[Round "3.1"]
[White "Plischki, Sebastian"]
[Black "Krivanek, Vladimir"]
[Result "1-0"]
[WhiteElo "2486"]
[BlackElo "2109"]
[PlyCount "31"]
[EventDate "2018.??.??"]
[EventType "swiss (rapid)"]
[EventCountry "CZE"]

1. d4 f5 2. Nc3 c5 3. d5 Nf6 4. f3 Qb6 5. e4 d6 6. Bb5+ Kf7 7. Nh3 h6 8. O-O g5
9. Nf2 Bg7 10. f4 g4 11. e5 Ne8 12. e6+ Kg6 13. Bd3 c4 14. Qxg4+ Kh7 15. Qxf5+
Kg8 16. Qf7# 1-0

[Event "14. Zlatá Praha-C"]
[Site "Praha"]
[Date "2018.06.30"]
[Round "3.2"]
[White "Benes, Petr"]
[Black "Sergeev, Vladimir"]
[Result "0-1"]
[WhiteElo "2099"]
[BlackElo "2470"]
[PlyCount "78"]
[EventDate "2018.??.??"]
[EventType "swiss (rapid)"]
[EventCountry "CZE"]

1. g3 c5 2. Bg2 Nf6 3. c4 d5 4. cxd5 Nxd5 5. d4 cxd4 6. Qxd4 Be6 7. Qd2 Nc6 8.
Nf3 Ndb4 9. Na3 Bxa2 10. O-O e5 11. Rd1 Bb3 12. Rf1 Qxd2 13. Nxd2 Be6 14. Ndc4
O-O-O 15. Be3 Nd5 16. Bd2 Kb8 17. Rfc1 Be7 18. e3 f6 19. Nb5 a6 20. Nba3 Ndb4
21. Bc3 h5 22. h4 Nd3 23. Rcb1 Bf5 24. e4 Be6 25. Ne3 Ncb4 26. Nac4 Bc5 27. Rf1
Rd7 28. Rad1 Rhd8 29. Nd5 Nxd5 30. Rxd3 Nxc3 31. Rxc3 Bd4 32. Rc2 Rc7 33. Rfc1
Rdc8 34. Bf1 b5 35. Na3 Bxb2 36. Rxb2 Rxc1 37. Kg2 R8c3 38. Bxb5 axb5 39. Nxb5
Rb3 0-1

[Event "14. Zlatá Praha-C"]
[Site "Praha"]
[Date "2018.06.30"]
[Round "3.3"]
[White "Frolov, Artur"]
[Black "Kozhabekov, Adilkhan"]
[Result "1/2-1/2"]
[WhiteElo "2327"]
[BlackElo "2105"]
[PlyCount "57"]
[EventDate "2018.??.??"]
[EventType "swiss (rapid)"]
[EventCountry "CZE"]

1. e4 c5 2. Nf3 d6 3. d4 cxd4 4. Nxd4 Nf6 5. Nc3 a6 6. Be3 e5 7. Nb3 Be6 8. Qd2
Nbd7 9. f3 b5 10. O-O-O Rc8 11. Kb1 Nb6 12. Qf2 Nfd7 13. Nd5 Nxd5 14. exd5 Bf5
15. Bd3 Bxd3 16. Rxd3 Be7 17. f4 O-O 18. Re1 a5 19. f5 a4 20. Nd2 Qc7 21. Ne4
Qc4 22. Bc1 Nc5 23. Nxc5 Rxc5 24. Red1 Rfc8 25. c3 b4 26. Be3 R5c7 27. Bb6 Rb7
28. Ba5 bxc3 29. Bxc3 1/2-1/2

[Event "14. Zlatá Praha-C"]
[Site "Praha"]
[Date "2018.06.30"]
[Round "3.4"]
[White "Pribyl, Josef"]
[Black "Groh, Jiri"]
[Result "1-0"]
[WhiteElo "2207"]
[BlackElo "2076"]
[PlyCount "45"]
[EventDate "2018.??.??"]
[EventType "swiss (rapid)"]
[EventCountry "CZE"]

1. d4 d5 2. Nf3 Nf6 3. g3 b6 4. Bg2 Bb7 5. O-O e6 6. c4 dxc4 7. Qa4+ Qd7 8.
Qxc4 Nc6 9. Nc3 O-O-O 10. Rd1 Be7 11. Ne5 Nxe5 12. Bxb7+ Kxb7 13. dxe5 Nd5 14.
e4 b5 15. Qb3 c6 16. exd5 exd5 17. Be3 Qe6 18. Rac1 Qxe5 19. Nxb5 Ka8 20. Rxc6
Rd7 21. Nc7+ Rxc7 22. Rxc7 Rb8 23. Rxa7# 1-0

[Event "14. Zlatá Praha-C"]
[Site "Praha"]
[Date "2018.06.30"]
[Round "3.5"]
[White "Gubin, Michail"]
[Black "Gregor, Jiri"]
[Result "0-1"]
[WhiteElo "1427"]
[BlackElo "2200"]
[PlyCount "88"]
[EventDate "2018.??.??"]
[EventType "swiss (rapid)"]
[EventCountry "CZE"]

1. e4 c6 2. d4 d5 3. exd5 cxd5 4. c4 Nf6 5. Nc3 g6 6. Bd3 Bg7 7. h3 dxc4 8.
Bxc4 O-O 9. Nf3 Nc6 10. Be3 b6 11. O-O Bb7 12. Qe2 Nb4 13. a3 Nbd5 14. Ba6 Qc8
15. Bxb7 Qxb7 16. Nxd5 Nxd5 17. Rac1 Rac8 18. Ne5 e6 19. Nc4 Qa6 20. Rc2 Rc7
21. Ne5 Qxe2 22. Rxe2 Rfc8 23. Nf3 b5 24. Rd1 a5 25. Kh2 a4 26. g3 h6 27. h4
Rc4 28. Red2 R8c7 29. Ne5 Bxe5 30. dxe5 Nxe3 31. fxe3 Re4 32. Rf1 Rxe3 33. Rd8+
Kg7 34. Rd2 Rxe5 35. Rdf2 f5 36. Rd1 Kf6 37. g4 Rc4 38. gxf5 Rxf5 39. Rxf5+
gxf5 40. Kg3 Rc2 41. Rb1 h5 42. Kf4 e5+ 43. Kg3 f4+ 44. Kh3 Re2 0-1

[Event "14. Zlatá Praha-C"]
[Site "Praha"]
[Date "2018.06.30"]
[Round "3.6"]
[White "Svrcek, Martin"]
[Black "Netusil, Miloslav"]
[Result "0-1"]
[WhiteElo "2065"]
[BlackElo "2262"]
[PlyCount "82"]
[EventDate "2018.??.??"]
[EventType "swiss (rapid)"]
[EventCountry "CZE"]

1. d4 Nf6 2. e3 g6 3. Nf3 Bg7 4. Bd3 O-O 5. O-O d6 6. b3 c5 7. Bb2 cxd4 8. exd4
Nc6 9. Re1 Bg4 10. h3 Bd7 11. Nbd2 a6 12. a3 Re8 13. Nc4 Nh5 14. Bf1 b5 15. Ne3
e5 16. dxe5 dxe5 17. c4 e4 18. Nd4 Ne5 19. c5 Qh4 20. Qc2 Nf4 21. g3 Nxh3+ 22.
Bxh3 Qxh3 23. Qxe4 Nc4 24. Qxa8 Rxa8 25. bxc4 bxc4 26. Nd5 Qg4 27. Rad1 Ba4 28.
Rd2 Qg5 29. Ne3 Qxc5 30. Rc1 Qh5 31. Rxc4 Bd7 32. Ne2 Bxb2 33. Rxb2 Bb5 34. Nf4
Qe5 35. Rcb4 Rd8 36. Rb1 h5 37. a4 Bc6 38. R4b2 Bxa4 39. Ra2 Bc6 40. Rxa6 Qe4
41. Kf1 Qxb1+ 0-1

[Event "14. Zlatá Praha-C"]
[Site "Praha"]
[Date "2018.06.30"]
[Round "3.7"]
[White "Burgermeister, Michal"]
[Black "Janacek, Jaroslav"]
[Result "0-1"]
[WhiteElo "1914"]
[BlackElo "2006"]
[PlyCount "84"]
[EventDate "2018.??.??"]
[EventType "swiss (rapid)"]
[EventCountry "CZE"]

1. e4 c5 2. Nc3 g6 3. g3 Bg7 4. Bg2 Nc6 5. d3 d6 6. Nge2 e6 7. O-O Nge7 8. f4
f5 9. Be3 Nd4 10. Qd2 O-O 11. Rab1 Rb8 12. Nd1 b5 13. c3 Nxe2+ 14. Qxe2 b4 15.
cxb4 Rxb4 16. e5 dxe5 17. Bxc5 Rb5 18. b4 Rxc5 19. bxc5 Qd4+ 20. Qe3 exf4 21.
Qxd4 Bxd4+ 22. Kh1 Bxc5 23. gxf4 Bb6 24. Nc3 Rd8 25. Rfd1 Ba6 26. Nb5 Nd5 27.
Bxd5 Rxd5 28. a4 Rxb5 29. Kg2 Rxb1 30. Rxb1 Bxd3 31. Rd1 Be4+ 32. Kg3 Bd5 33.
h4 Kf7 34. Rb1 Kf6 35. Rb2 h6 36. Rc2 Bb3 37. Rb2 Bxa4 38. Rb4 Bc6 39. Rc4 Bd5
40. Rb4 g5 41. hxg5+ hxg5 42. fxg5+ Kxg5 0-1

[Event "14. Zlatá Praha-C"]
[Site "Praha"]
[Date "2018.06.30"]
[Round "4.1"]
[White "Gregor, Jiri"]
[Black "Plischki, Sebastian"]
[Result "1-0"]
[WhiteElo "2200"]
[BlackElo "2486"]
[PlyCount "159"]
[EventDate "2018.??.??"]
[EventType "swiss (rapid)"]
[EventCountry "CZE"]

1. d4 Nf6 2. c4 e6 3. Nf3 Bb4+ 4. Nbd2 O-O 5. a3 Be7 6. Qc2 c5 7. dxc5 Bxc5 8.
b4 Be7 9. Bb2 a5 10. b5 d6 11. e3 b6 12. Bd3 Nbd7 13. Nd4 Bb7 14. O-O Rc8 15.
Qd1 Rc7 16. Rc1 Qa8 17. f3 Rfc8 18. Qe2 Bf8 19. Bb1 g6 20. e4 Bg7 21. Rfd1 Qb8
22. Nf1 Ne5 23. Ne3 Re7 24. a4 Ree8 25. Ba3 d5 26. cxd5 Rxc1 27. Bxc1 exd5 28.
f4 Ned7 29. e5 Ne4 30. Bxe4 dxe4 31. Nc6 Bxc6 32. bxc6 Nc5 33. Nd5 Qc8 34. Qb5
Qg4 35. Rf1 Ne6 36. c7 Nxc7 37. Nxc7 Rc8 38. Qxb6 Bf8 39. Be3 Rd8 40. e6 fxe6
41. Qxe6+ Qxe6 42. Nxe6 Rd3 43. Nxf8 Rxe3 44. Ne6 Ra3 45. Nc5 e3 46. Re1 Kf7
47. Kf1 Ke7 48. Ke2 Kd6 49. Nd3 Rxa4 50. Kxe3 Ra2 51. Re2 Ra3 52. Rc2 a4 53.
Rc8 Ra2 54. g3 Rxh2 55. Ra8 Ra2 56. Kd4 Ke6 57. g4 h5 58. Ra6+ Kf7 59. Ne5+ Ke8
60. g5 h4 61. Rxg6 h3 62. Rh6 a3 63. Nc4 h2 64. Nxa3 Rxa3 65. Rxh2 Kf7 66. Rh6
Ra4+ 67. Ke5 Ra5+ 68. Ke4 Ra4+ 69. Kf5 Ra5+ 70. Kg4 Ra1 71. Rb6 Kg7 72. Re6 Ra2
73. Kf5 Ra5+ 74. Re5 Ra1 75. Re7+ Kf8 76. Rb7 Ra5+ 77. Kg6 Ra6+ 78. Kh5 Ra4 79.
f5 Ra1 80. Kg6 1-0

[Event "14. Zlatá Praha-C"]
[Site "Praha"]
[Date "2018.06.30"]
[Round "4.2"]
[White "Sergeev, Vladimir"]
[Black "Pribyl, Josef"]
[Result "1/2-1/2"]
[WhiteElo "2470"]
[BlackElo "2207"]
[PlyCount "115"]
[EventDate "2018.??.??"]
[EventType "swiss (rapid)"]
[EventCountry "CZE"]

1. Nf3 Nf6 2. g3 d5 3. c4 d4 4. Bg2 c5 5. b4 cxb4 6. a3 bxa3 7. O-O Nc6 8. Bxa3
g6 9. d3 Bg7 10. Nbd2 O-O 11. Nb3 Ng4 12. Nc5 b6 13. Qa4 Na5 14. Bb2 Rb8 15.
Rfb1 e5 16. Ba3 Re8 17. Ne4 Bd7 18. Qc2 Bc6 19. Nfd2 Nf6 20. Bb4 Nxe4 21. Nxe4
Bxe4 22. Bxe4 Qc7 23. Qa4 Bf8 24. Bxa5 bxa5 25. Rxb8 Qxb8 26. Qxa5 Re7 27. c5
Rc7 28. c6 Bd6 29. Qd5 Qb4 30. Ra5 Kg7 31. Rb5 Qa3 32. Kg2 h5 33. Rb8 Qc5 34.
Qb3 Rxc6 35. Rb5 Rb6 36. Rxc5 Rxb3 37. Ra5 Ra3 38. Rd5 Ra6 39. Rb5 Rb6 40. Ra5
a6 41. h3 f6 42. g4 hxg4 43. hxg4 Kf7 44. Bd5+ Ke7 45. Bc4 Bb4 46. Ra1 a5 47.
Kf3 Bd2 48. Ke4 Rb8 49. Kd5 Rd8+ 50. Kc6 f5 51. gxf5 gxf5 52. Rh1 Rd6+ 53. Kc7
Rg6 54. Rh7+ Kf6 55. Kc6 Kg5+ 56. Kd5 Bf4 57. Ra7 Rh6 58. Rxa5 1/2-1/2

[Event "14. Zlatá Praha-C"]
[Site "Praha"]
[Date "2018.06.30"]
[Round "4.3"]
[White "Netusil, Miloslav"]
[Black "Frolov, Artur"]
[Result "1/2-1/2"]
[WhiteElo "2262"]
[BlackElo "2327"]
[PlyCount "89"]
[EventDate "2018.??.??"]
[EventType "swiss (rapid)"]
[EventCountry "CZE"]

1. d4 Nf6 2. c4 c5 3. e3 cxd4 4. exd4 d5 5. Nc3 Nc6 6. cxd5 Nxd5 7. Nf3 e6 8.
Bd3 Be7 9. O-O O-O 10. a3 b6 11. Qe2 Bb7 12. Qe4 g6 13. Bh6 Re8 14. Rad1 Nxc3
15. bxc3 Bxa3 16. h4 Na5 17. Qg4 Bxf3 18. Qxf3 Qxh4 19. Qe3 Bd6 20. g3 Qh3 21.
Rfe1 Bf8 22. Bxf8 Rxf8 23. Qf3 Rac8 24. Re4 Qh6 25. Ba6 Rc7 26. Kg2 Qh5 27. g4
Qd5 28. Rde1 f5 29. gxf5 exf5 30. R4e3 Qxf3+ 31. Kxf3 Kf7 32. Kf4 Rd8 33. Kg5
Rd6 34. Bb5 Nc6 35. Bc4+ Kg7 36. Re8 h6+ 37. Kf4 Nxd4 38. Ba2 Nc6 39. Rg8+ Kh7
40. Ree8 g5+ 41. Kxf5 Ne7+ 42. Ke5 Nxg8 43. Bxg8+ Kg7 44. Kxd6 Rxc3 45. Bd5
1/2-1/2

[Event "14. Zlatá Praha-C"]
[Site "Praha"]
[Date "2018.06.30"]
[Round "4.4"]
[White "Kozhabekov, Adilkhan"]
[Black "Benes, Petr"]
[Result "0-1"]
[WhiteElo "2105"]
[BlackElo "2099"]
[PlyCount "86"]
[EventDate "2018.??.??"]
[EventType "swiss (rapid)"]
[EventCountry "CZE"]

1. d4 Nf6 2. Nf3 g6 3. c4 Bg7 4. Nc3 O-O 5. e4 d6 6. h3 Nbd7 7. Be2 e5 8. d5
Nc5 9. Qc2 a5 10. O-O b6 11. b3 Bd7 12. Re1 Nh5 13. Be3 f5 14. Bxc5 bxc5 15.
Nh2 Qg5 16. Kh1 Qh4 17. Bf3 Bh6 18. Bd1 fxe4 19. Nxe4 Bf5 20. Bf3 Kh8 21. Qc3
Bxe4 22. Rxe4 Qxf2 23. Bxh5 gxh5 24. Rf1 Qd2 25. Qxd2 Bxd2 26. Nf3 Bf4 27. Rg1
Rg8 28. Ne1 Rg3 29. Rf1 a4 30. Rf3 axb3 31. axb3 Ra1 32. Kg1 Rxf3 33. gxf3 Bg3
34. Kf1 Rb1 35. Re3 Kg7 36. Re2 Kg6 37. Re3 Kf5 38. Re2 h4 39. Re3 Bxe1 40.
Rxe1 Rxb3 41. Kf2 Rb2+ 42. Kg1 Rd2 43. Re4 Rd4 0-1

[Event "14. Zlatá Praha-C"]
[Site "Praha"]
[Date "2018.06.30"]
[Round "4.5"]
[White "Krivanek, Vladimir"]
[Black "Saur, Frantisek"]
[Result "1-0"]
[WhiteElo "2109"]
[BlackElo "1772"]
[PlyCount "43"]
[EventDate "2018.??.??"]
[EventType "swiss (rapid)"]
[EventCountry "CZE"]

1. e4 c6 2. Bc4 d5 3. Bb3 e6 4. d4 Nd7 5. exd5 cxd5 6. Nf3 Ngf6 7. O-O Be7 8.
Bf4 O-O 9. Re1 Nh5 10. Bd2 Nhf6 11. Nc3 Nb6 12. Ne5 Bd7 13. Re3 Bc6 14. Rh3
Nbd7 15. Qe2 Rc8 16. Re1 a6 17. Qf3 Ne4 18. Nxd7 Qxd7 19. Nxe4 dxe4 20. Qh5 h6
21. Bxh6 g6 22. Qe5 1-0

[Event "14. Zlatá Praha-C"]
[Site "Praha"]
[Date "2018.06.30"]
[Round "4.6"]
[White "Groh, Jiri"]
[Black "Krejci, Josef"]
[Result "1/2-1/2"]
[WhiteElo "2076"]
[BlackElo "1663"]
[PlyCount "151"]
[EventDate "2018.??.??"]
[EventType "swiss (rapid)"]
[EventCountry "CZE"]

1. Nf3 Nf6 2. c4 e6 3. d4 Bb4+ 4. Bd2 Bxd2+ 5. Qxd2 O-O 6. Nc3 d6 7. e4 Re8 8.
Bd3 d5 9. O-O dxe4 10. Nxe4 c6 11. Rad1 Nxe4 12. Bxe4 Nd7 13. d5 Nf6 14. Bb1
exd5 15. h3 b6 16. Rfe1 Rxe1+ 17. Rxe1 Be6 18. Ng5 Bd7 19. cxd5 h6 20. dxc6
Bxc6 21. Qc2 Rc8 22. Nh7 g6 23. Nxf6+ Qxf6 24. Re3 Re8 25. Rxe8+ Bxe8 26. Qc8
Qe7 27. Bd3 Kh7 28. Kh2 Qe5+ 29. g3 Qe1 30. Kg2 Qe7 31. b3 Bd7 32. Qc3 Qe6 33.
h4 Qh3+ 34. Kg1 Qe6 35. h5 Qc6 36. hxg6+ fxg6 37. Qe5 Qc1+ 38. Kh2 Qg5 39. Qe2
Bg4 40. f3 Qh5+ 41. Kg2 Qh3+ 42. Kf2 Qh2+ 43. Ke3 Qxe2+ 44. Kxe2 Be6 45. Ke3
Kg7 46. Kd4 g5 47. Ke5 Kf7 48. Kd6 Kf6 49. Kc7 Bd5 50. Be2 b5 51. Kb8 a5 52.
Kc7 a4 53. bxa4 bxa4 54. a3 Ke5 55. Kb6 Bb3 56. Kc5 Bc2 57. Bb5 Bd1 58. Bc6 g4
59. f4+ Kf5 60. Kb4 h5 61. Bd7+ Ke4 62. f5 Ke5 63. Be8 h4 64. gxh4 g3 65. Bc6
Kxf5 66. Kc3 Kg4 67. Kd2 Bb3 68. Ke1 Kxh4 69. Kf1 Kh3 70. Kg1 Bc2 71. Bd5 Bd1
72. Be6+ Kh4 73. Bd7 Bb3 74. Bc6 Kh3 75. Bd7+ Kh4 76. Bc6 1/2-1/2